000
00412nam a2200181Ia 4500
008
100917s9999 xx 000 0 und d
082
_b
5664
100
_a
शहा नलिनी
245
_a
मळभ
260
_b
---
_c
1959
300
_a
108
365
_b
3
520
_a
कादंबरी
630
_a
मळभ
650
_a
कादंबरी
730
_a
मळभ
942
_c
BOOK
999
_c
611058
_d
611055